Nicknames of Kings and Queens of England - Statistics

General Stats
  • This quiz has been taken 109 times
  • The average score is 10 of 39
Answer Stats
Monarch Answer % Correct
Alfred the Great
85%
Richard I the Lionheart
79%
Mary Bloody Mary
68%
William I the Conqueror
68%
Elizabeth (because of her love life) the Virgin Queen
67%
Edward I (because he was tall) Longshanks
61%
Edward the Confessor
56%
Aethelred the Unready
55%
John (because he was not expected to inherit significant lands) Lackland
50%
William II Rufus
46%
Sweyn Forkbeard
39%
Cnut the Great
37%
Edmund Ironside
35%
Edward the Martyr
30%
Edward the Elder
29%
Edward I (because of his repeated attacks on Scotland) the Hammer of the Scots
29%
Elizabeth (translates to 'glorious woman') Gloriana
27%
Harold Harefoot
22%
William IV the Sailor King
22%
Edgar the Peaceful
21%
Edward VI (because of his religious devotion) the Pious
20%
Elizabeth II Lilibet
15%
Charles II the Merry Monarch
15%
Henry I Beauclerc
11%
Edward VI (because he inherited the throne at a young age) the Boy King
9%
Henry II Curtmantle
7%
George III Farmer George
7%
Richard III Crookback
5%
Elizabeth (because she maintained stability and prosperity) Good Queen Bess
5%
Henry VIII Coppernose
4%
John (because his military standing among the nobles fell) Softsword
2%
Henry VII (because of his interest in and skills with finances) the Accountant King
1%
Edward III (because he defaulted on 2 personal loans) the Bankrupt
1%
Henry VI the Boy King
1%
George IV the First Gentleman of England
1%
Henry VII (because of his successes in making favorable trade deals) the Huckster King
1%
Edward III (because he improved the English navy) the King of the Sea
1%
Edward IV the Rose of Rouen
1%
George I the Turnip King
0%
No matching quizzes found
Score Distribution
Percent of People with Each Score
Percentile by Number Answered
Your Score History
You have not taken this quiz